|
|
|
|
| LEADER |
00639cam a2200205 a 4500 |
| 001 |
0000086095 |
| 005 |
20070717090000.0 |
| 040 |
|
|
|a mod
|
| 041 |
|
|
|a eng
|
| 020 |
0 |
0 |
|a 1904292399
|
| 090 |
0 |
0 |
|a 371.30281
|b OBR
|e 2003
|
| 100 |
1 |
0 |
|a O'Brien
|h Dominic
|
| 245 |
1 |
0 |
|a How to pass exams
|b accelerate your learning, memorise key facts, revise effectively
|c Dominic O'Brien, foreword by Tony Buzan
|
| 250 |
0 |
0 |
|a Rev. ed
|
| 260 |
0 |
0 |
|a London
|b Duncan Baird
|c 2003
|
| 300 |
0 |
0 |
|a 251 p.
|b ill.
|c 20 cm
|
| 650 |
0 |
0 |
|a Examinations
|x Study guides
|
| 650 |
0 |
0 |
|a Mnemonics
|
| 700 |
1 |
1 |
|a Buzan
|h Tony
|
| 999 |
|
|
|a 0254682
|b PULNORD
|d BOOKS
|e Umum
|f PULNORD
|j AVAILABLE
|q GOOD CONDITION
|